Dodavatelsko-odběratelské vztahy ve vnitřním obchodě učební text pro kurs řídících pracovníků

Enregistré dans:
Détails bibliographiques
Auteur principal: Škaloud, Miroslav
Format: Livre
Langue:tchèque
Publié: Praha Merkur 1976
Tags: Ajouter un tag
Pas de tags, Soyez le premier à ajouter un tag!

MARC

LEADER 00000nam a2200000 4500
001 c120271
005 20041019155216.5
041 0 |a cze 
044 |a CZ 
245 1 0 |a Dodavatelsko-odběratelské vztahy ve vnitřním obchodě  |b učební text pro kurs řídících pracovníků  |c Miroslav Škaloud 
264 1 |a Praha  |b Merkur  |c 1976 
300 |a 87 s. 
100 1 |a Škaloud, Miroslav